00491nam a2200133Ia 4500008004100000041000800041082001700049100002000066245004500086260007100131300003000202999001500232952011000247240624s9999 xx 000 0 und d aeng a343.0721 MEH aMEHTA PRADEEP S aCOMPETITION AND REGULATION IN INDIA 2007 c2007aJaipurbCUTS Institute for Regulation and Competition Jaipur axix, : 219 : p. : cm ; 25 c8637d8637 00104070aIMTNbIMTNcRack 14-Bd2008-05-05o343.0721 MEHp8637r2024-06-24 00:00:00t1w2024-06-24yBK